00571nam a2200157Ia 4500008004100000082001400041100001900055245007000074260002300144300001000167500001300177650001600190700009900206952009100305999001700396120629s9999 xx 000 0 und d a574 R788b aRosado, Daffny aSíntesis de biología : segundo curso / Daffny Rosad...[et al] aMéxico : Trillas a256 p aGlosario a1. BIOLOGIA aAmador, Carlos; coaut. \ Acosta, Ma. de la Luz; coaut. \ González Zavala, Armando; coaut.Ì 00104070a15b15d2006-09-25l0o574 R788Bp15 000677r2017-12-07t1w2012-06-28yLB c75302d75302